Kontrola nákladů a kalkulace v průmyslu /

Saved in:
Bibliographic Details
Main Authors: Janout, Jiří (Author), Báča, Jaromír (Author), Chroll, Rudolf (Author)
Format: Book
Language:Czech
Published: Praha : SNTL, 1990
Tags: Add Tag
No Tags, Be the first to tag this record!

MARC

LEADER 00000nam a22000003a 4500
001 stu30931
005 20150617225736.4
008 930126s1990----cs------------------cze-d
020 |a 80-03-00382-2 
040 |a STU  |b slo 
041 0 |a cze 
044 |a cs 
080 |a 338.268 
100 1 |a Janout, Jiří  |4 aut 
245 1 |a Kontrola nákladů a kalkulace v průmyslu /  |c [aut.] Chroll,Rudolf; Báča,Jaromír; Janout,Jiří 
260 |a Praha :  |b SNTL,  |c 1990 
300 |a 445 s 
700 1 |a Báča, Jaromír  |4 aut 
700 1 |a Chroll, Rudolf  |4 aut 
996 |b J87485  |c J*87485  |l JJK6  |s P  |a 0  |w stu30931_0001